000 00659nam a2200277Ia 4500
005 20250425161740.0
008 250425s9999 xx 000 0 und d
041 _aspa
043 _aec
082 _a303.34
100 _aMOELLER FREILE, WERNER
245 0 _aEL ECUADOR NECESITA MILES DE LIDERES
250 _a1A ED.
260 _aEcuador
_bMOELLER FREILE, WERNER
_c1999
260 _aGUAYAQUIL
_bESPOL
300 _a41
650 _aDISCURSOS
650 _aDISCURSOS
650 _aESPOL
650 _aESPOL
650 _aMOELLER FREILE, WERNER
650 _aMOELLER FREILE, WERNER
710 _aESPOL
942 _c01
010 _a27451
999 _c215337
_d215337